El agua de Piuray : (Record no. 23335)

000 -CABECERA
fixed length control field 01201nam a22003017i 4500
003 - IDENTIFICADOR DEL NÚMERO DE CONTROL
control field AR-CdUCM
008 - DATOS DE LONGITUD FIJA--INFORMACIÓN GENERAL
fixed length control field 250724b20162016 pe||||| |||| 00| 0 spa d
020 ## - NÚMERO INTERNACIONAL ESTÁNDAR DEL LIBRO
ISBN 978-612-4121-15-9
040 ## - FUENTE DE LA CATALOGACIÓN
Agencia/entidad que catalogó originalmente la obra MUNICIPALIDAD PROVINCIAL DEL CUSCO
Entidad que transcribió la catalogación BIBLIOTECA MUNICIPAL DEL CUSCO
082 ## - NÚMERO DE LA CLASIFICACIÓN DECIMAL DEWEY
No. de Clasificación 333.9163 / C72
Notacion interna C72
110 ## - ENTRADA PRINCIPAL--NOMBRE DE ENTIDAD CORPORATIVA
Nombre de la institución, jurisdicción como entrada principal Comité de la Gestión Microcuenca Piuray Ccorimarca (CGMPC)
9 (RLIN) 51283
245 ## - MENCIÓN DE TÍTULO
Título El agua de Piuray :
Resto del título Justicia o Injusticia /
260 ## - PUBLICACIÓN, DISTRIBUCIÓN, ETC.
Lugar de publicación, distribución, etc. Chinchero Piuray-Cusco :
Nombre de la editorial, distribuidor, etc. Editorial Grafica Bartolome de las Casas S.A.C.
Fecha de publicación, distribución, etc. 2016
300 ## - DESCRIPCIÓN FÍSICA
Nº de Páginas Extensión 71 páginas. :
Otros detalles físicos Ilustraciones
Dimensiones |24x17 cm.
505 ## - NOTA DE CONTENIDO CON FORMATO
Nota de contenido formateada Laguna de Piuray -- Contexto actual del conflicto -- Problemas de los recursos naturales -- Actores de la negociación
650 ## - PUNTO DE ACCESO ADICIONAL DE MATERIA--TÉRMINO DE MATERIA
Descriptor Laguna de Piuray
9 (RLIN) 51284
650 ## - PUNTO DE ACCESO ADICIONAL DE MATERIA--TÉRMINO DE MATERIA
Descriptor Uso y manejo
9 (RLIN) 51285
650 ## - PUNTO DE ACCESO ADICIONAL DE MATERIA--TÉRMINO DE MATERIA
Descriptor Saneamiento
9 (RLIN) 20643
650 ## - PUNTO DE ACCESO ADICIONAL DE MATERIA--TÉRMINO DE MATERIA
Descriptor Proceso de negociación
9 (RLIN) 51286
700 ## - PUNTO DE ACCESO ADICIONAL--NOMBRE DE PERSONA
Nombre Personal (Gestores) Estrada Zúniga, Andrés
9 (RLIN) 51287
700 ## - PUNTO DE ACCESO ADICIONAL--NOMBRE DE PERSONA
Nombre Personal Antezana Julián, Walter
9 (RLIN) 51288
700 ## - PUNTO DE ACCESO ADICIONAL--NOMBRE DE PERSONA
Nombre Personal Sallo, Constantino
9 (RLIN) 51289
700 ## - PUNTO DE ACCESO ADICIONAL--NOMBRE DE PERSONA
Nombre Personal Bueno de Mezquita, Mourik
9 (RLIN) 51290
700 ## - PUNTO DE ACCESO ADICIONAL--NOMBRE DE PERSONA
Nombre Personal Béjar Saya, Juan Victor
9 (RLIN) 51291
942 ## - ELEMENTOS DE PUNTO DE ACCESO ADICIONAL (KOHA)
Fuente de clasificación
Tipo de item Libros-BMC
945 ## - PROCESAMIENTO DE INFORMACIÓN LOCAL (OCLC)
Catalogador pbjr
AAAA-MM-DD - Fecha de ingreso o modificacion 24-07-2025
Holdings
Estado de retiro (separado) Fuente de clasificación o esquema de estanterías Estado dañado Ubicación Sala donde se ubica Nombre de la colección Fecha de adquisición o compra Fuente de adquisición Costo, precio normal en soles Signatura topográfica Código de Barras Última vez visto (Koha) Tipo de ítem (Koha)
No     Sala Humanidades Sala Humanidades Book Cart 2025-07-24 Depósito legal 10.00 333.9163 / C72 SH0000016945 2025-07-24 Libros-BMC

Powered by Koha